Pharmaceutical chemistry of natural products (Record no. 24092)
[ view plain ]
| 000 -LEADER | |
|---|---|
| fixed length control field | 00461nam a2200169Ia 4500 |
| 008 - FIXED-LENGTH DATA ELEMENTS--GENERAL INFORMATION | |
| fixed length control field | 230917s9999||||xx |||||||||||||| ||und|| |
| 020 ## - ISBN | |
| Price | RS775 |
| 040 ## - CATALOGING SOURCE | |
| -- | 242356 |
| Original cataloging agency | VIVEKANANDA LIBRARY |
| 041 ## - Language | |
| -- | English |
| 082 ## - DDC NUMBER | |
| Classification number | 615.19 A31P |
| 100 ## - MAIN ENTRY--PERSONAL NAME | |
| Personal name | Alagarsamy, V. |
| 245 #0 - TITLE STATEMENT | |
| Title | Pharmaceutical chemistry of natural products |
| 260 ## - PUBLICATION, DISTRIBUTION, ETC. (IMPRINT) | |
| Place of publication, distribution, etc | New Jersey |
| Name of publisher, distributor, etc | Elsevier |
| Date of publication, distribution, etc | 2012 |
| 300 ## - PHYSICAL DESCRIPTION | |
| Pages | xviii, 774 p. |
| 500 ## - GENERAL NOTE | |
| General note | 2880 22/09/2017 HBD17/7059 26/09/2017 Main Budget |
| 942 ## - ADDED ENTRY ELEMENTS (KOHA) | |
| Koha item type | Books |
| Withdrawn status | Lost status | Damaged status | Not for loan | Location (home branch) | Sublocation or collection (holding branch) | Date acquired | Koha issues (times borrowed) | Koha full call number | Accession No. | Koha date last seen | Koha item type |
|---|---|---|---|---|---|---|---|---|---|---|---|
| VIVEKANANDA LIBRARY | VIVEKANANDA LIBRARY | 15/11/2017 | 1 | 615.19 A31P | 367288 | 21/01/2025 | Books | ||||
| VIVEKANANDA LIBRARY | VIVEKANANDA LIBRARY | 15/11/2017 | 615.19 A31P | 367289 | 17/09/2023 | Books | |||||
| VIVEKANANDA LIBRARY | VIVEKANANDA LIBRARY | 15/11/2017 | 1 | 615.19 A31P | 367290 | 06/11/2023 | Books | ||||
| VIVEKANANDA LIBRARY | VIVEKANANDA LIBRARY | 15/11/2017 | 2 | 615.19 A31P | 367291 | 19/12/2023 | Books | ||||
| VIVEKANANDA LIBRARY | VIVEKANANDA LIBRARY | 15/11/2017 | 1 | 615.19 A31P | 367292 | 10/01/2025 | Books |
